| 000 | 00334nam a2200133Ia 4500 | ||
|---|---|---|---|
| 008 | 230917s9999||||xx |||||||||||||| ||und|| | ||
| 040 |
_e92881 _aMAIN |
||
| 041 | _aEnglish | ||
| 082 | _a616.01 B469S | ||
| 100 | _aBharati Singh | ||
| 245 | 0 | _aStudy of dermatophytes at Medical College Hospital Rohtak | |
| 300 | _a82 p. | ||
| 942 | _cTH | ||
| 999 |
_c73891 _d73891 |
||